LDR 00630naa#a2200169#i#450# 001 EN\\bibl\124055 005 20260607035258.7 011 ## _a2073-1574 100 ## _a20260529b2026####ek#y0engy0150####ca 102 ## _aRU 200 1# _aSubstantiation of the general topology and hierarchy of decision-making in the transportation planning system for mining vessels _eJournal article 210 1# _aAstrakhan _cAstrakhan State Technical University _d2026 215 ## _a6 с. 608 ## _aJournal article _2local 675 ## _aВиды перевозок. 656.614 _aрегулярные. 656.614.32 _z 700 #1 _aValkov _gVladimir E. 856 4# _avestnik.astu.org _u